Open Data Biblioteca Nacional de Portugal


República Portuguesa: Ministério da Cultura
Biblioteca Nacional de Portugal

Catálogo da BNP: acesso por Identificadores Unívocos
Registos Bibliográficos associados ao registo de autoridade

Etiqueta de registo: 00254nam 2200025 450
001 2283786
003 http://id.bnportugal.gov.pt/bib/catbnp/2283786
100 ## $a20260407d2026 k y0pory01030103ba
101 0# $apor$deng
102 ## $aPT
105 ## $ay m 000yy
106 ## $ar
200 1# $aPolíticas de identidade contemporâneas$edas resistências fraturantes aos projetos interseccionais$fIrandina Afonso$gorient. Paula Cristina Moreira da Silva Pereira
210 #9 $aPorto$c[s.n.],$d2026
215 ## $a383 p.$d30 cm
328 #1 $aTese dout. Filosofia, Faculdade de Letras, Universidade do Porto, 2026
675 ## $a316.344/.346(043)$vBN$zpor$3980908
675 ## $a316.64(043)$vBN$zpor$31233820
700 #1 $aAfonso,$bIrandina$31994866
702 #1 $aPereira,$bPaula Cristina,$f1963-$4727$3958193
801 #0 $aPT$bBN$gRPC
966 ## $lBN$mFGMON$sS.C. 169051 V.$x1
971 ## $cssilva$d20260407
972 ## $e0$z0$d20260506$vasantos
973 ## $csteixeira$d20260430
975 ## $e0$d20260507$viquintas

OpendataBNP@bnportugal.pt | Mais informação sobre acesso aos dados BNP